000 00716nam a22002537a 4500
001 47832
003 UA-OsUOA
005 20201128135749.0
007 ta
008 20070821b un ||||| |||| 00| 0 ukr d
020 _a966-7996-96-4
040 _aUA-OsUOA
_bukr
_cUA-OsUOA
_dUA-OsUOA
041 _aukr
080 _a94(477).15
090 _a94(477).15
_bГ52
100 _aГладилович А.
245 _aУкраїнці в Тунісі
260 _aДрогобич
_bКОЛО
_c2005
300 _a109 с.
650 7 _a9 Географія. Біографії. Історія
_2UDC
942 _cBK
_2udc
955 _a2
999 _c333911
_d333911